00550nam a2200193Ia 4500003000400000005001700004008004100021040000700062041000800069082001300077100002600090245002500116260002000141300000900161650002200170942001300192999001900205952013200224OSt20251111154830.0250729s2005 xx 000 0 und d cAL aeng a000 SART aSardana Vimal9224261 aTell me how book III aNew Delhic2005 a103p aGeneralia9224262 2ddccBED c236321d236321 00104070aALbALd2025-07-29eSchool Book Companyg110.00l0o000 SARTpBED01640r2025-07-29 16:54:44v110.00w2025-07-29yBK